[Event "Western Pacific op"]
[Site "Los Angeles"]
[Date "2013.04.26"]
[Round "1"]
[White "Amanov, Zhanibek"]
[Black "Wasiolek, Rory E"]
[Result "1-0"]
[WhiteElo "2375"]
[BlackElo "2073"]
[PlyCount "35"]
[EventDate "2013.04.26"]
[EventType "swiss"]
[EventRounds "5"]
[EventCountry "USA"]
[SourceTitle "CBM 154 Extra"]
[Source "ChessBase"]
[SourceDate "2013.06.25"]
[SourceVersion "2"]
[SourceVersionDate "2013.06.25"]
[SourceQuality "1"]

1. e4 e5 2. Nf3 Nc6 3. Bc4 Nf6 4. d3 Bc5 5. c3 d6 6. Bb3 h6 7. 0-0 Bg4 8. Nbd2 Qd7 9. Re1 g5 10. Nf1 Nh5 11. Ba4 Nf4 12. d4 exd4 13. cxd4 Bxf3 14. Qxf3 Bxd4 15. Bxf4 gxf4 16. Qxf4 a6 17. e5 Bxe5 18. Bxc6 1-0

[Event "New England Masters"]
[Site "Pawtucket"]
[Date "2008.08.17"]
[Round "9"]
[White "Wasiolek, Rory E"]
[Black "Kazmaier, Daniel"]
[Result "1-0"]
[WhiteElo "2112"]
[BlackElo "2134"]
[PlyCount "73"]
[EventDate "2008.08.11"]
[EventType "swiss"]
[EventRounds "9"]
[EventCountry "USA"]
[SourceTitle "CBM 125 Extra"]
[Source "ChessBase"]
[SourceDate "2008.09.01"]
[SourceVersion "1"]
[SourceVersionDate "2008.09.01"]
[SourceQuality "1"]

1. d4 f5 2. g3 Nf6 3. Bg2 d6 4. c4 e5 5. dxe5 dxe5 6. Qxd8+ Kxd8 7. Nf3 e4 8. Nd4 c5 9. Nb5 a6 10. N5c3 Be6 11. b3 Nc6 12. 0-0 Nb4 13. Rd1+ Ke8 14. a3 Nc2 15. Ra2 Nd4 16. Nd2 Kf7 17. e3 Nc6 18. f3 exf3 19. Nxf3 h6 20. Nd5 Rd8 21. Rad2 Ne4 22. Rd3 Bd6 23. Bb2 Rhf8 24. Nf4 Bc8 25. Be5 Be7 26. Nd5 Bd6 27. Nb6 Bxe5 28. Nxe5+ Kf6 29. Ned7+ Bxd7 30. Nxd7+ Kg5 31. Nxf8 Rxf8 32. Bxe4 fxe4 33. Rd5+ Kg4 34. Kg2 g5 35. h3+ Kh5 36. Rd6 Rh8 37. Re6 1-0

[Event "New England Masters"]
[Site "Pawtucket"]
[Date "2008.08.13"]
[Round "5"]
[White "Belliard Alonzo, Luis Manuel"]
[Black "Wasiolek, Rory E"]
[Result "1-0"]
[WhiteElo "2226"]
[BlackElo "2112"]
[PlyCount "54"]
[EventDate "2008.08.11"]
[EventType "swiss"]
[EventRounds "9"]
[EventCountry "USA"]
[SourceTitle "CBM 125 Extra"]
[Source "ChessBase"]
[SourceDate "2008.09.01"]
[SourceVersion "1"]
[SourceVersionDate "2008.09.01"]
[SourceQuality "1"]

1. d4 d5 2. Nf3 Nf6 3. c4 c6 4. Nc3 e6 5. Bg5 h6 6. Bh4 dxc4 7. e4 g5 8. Bg3 b5 9. Qc2 Nbd7 10. 0-0-0 Bb7 11. Be2 Qa5 12. Ne5 Nxe5 13. dxe5 Nd7 14. Bh5 Rh7 15. Kb1 0-0-0 16. f4 b4 17. Ne2 Ba6 18. Nd4 Qb6 19. f5 c5 20. Nf3 f6 21. fxe6 Qxe6 22. Bg6 Rg7 23. Bf5 Qe7 24. Qa4 Bb7 25. Qxa7 fxe5 26. Nxe5 Bxe4+ 27. Bxe4 Nxe5 1-0

[Event "New England Masters"]
[Site "Pawtucket"]
[Date "2008.08.12"]
[Round "3"]
[White "Bercys, Salvijus"]
[Black "Wasiolek, Rory E"]
[Result "1-0"]
[WhiteElo "2429"]
[BlackElo "2112"]
[PlyCount "61"]
[EventDate "2008.08.11"]
[EventType "swiss"]
[EventRounds "9"]
[EventCountry "USA"]
[SourceTitle "CBM 125 Extra"]
[Source "ChessBase"]
[SourceDate "2008.09.01"]
[SourceVersion "1"]
[SourceVersionDate "2008.09.01"]
[SourceQuality "1"]

1. d4 d5 2. c4 c6 3. Nf3 Nf6 4. e3 e6 5. Nc3 Nbd7 6. Qc2 a6 7. a4 Bb4 8. Bd3 0-0 9. 0-0 Re8 10. e4 Bxc3 11. bxc3 dxe4 12. Bxe4 Nxe4 13. Qxe4 Qa5 14. Bd2 e5 15. Rfe1 Nf6 16. Qh4 e4 17. Ne5 Bf5 18. Qg5 Be6 19. Qg3 Rac8 20. h3 Kf8 21. Qh4 Qd8 22. Bg5 h6 23. Bxf6 Qxf6 24. Qxe4 Qg5 25. f4 Qh5 26. g4 Qxh3 27. Re3 Qh4 28. f5 Bxc4 29. Nd7+ Kg8 30. Qxe8+ Rxe8 31. Rxe8+ 1-0

[Event "New England Masters"]
[Site "Pawtucket"]
[Date "2008.08.12"]
[Round "2"]
[White "Wasiolek, Rory E"]
[Black "Shmeliov, Denis"]
[Result "0-1"]
[WhiteElo "2112"]
[BlackElo "2349"]
[PlyCount "97"]
[EventDate "2008.08.11"]
[EventType "swiss"]
[EventRounds "9"]
[EventCountry "USA"]
[SourceTitle "CBM 125 Extra"]
[Source "ChessBase"]
[SourceDate "2008.09.01"]
[SourceVersion "1"]
[SourceVersionDate "2008.09.01"]
[SourceQuality "1"]

1. d4 Nf6 2. c4 e6 3. Nf3 c5 4. e3 a6 5. Nc3 d5 6. b3 Nc6 7. Bd3 cxd4 8. Nxd4 Nxd4 9. exd4 dxc4 10. Bxc4 Bb4 11. Bb2 Qa5 12. Qc2 b5 13. Be2 Bb7 14. a3 Bd6 15. 0-0 Rc8 16. Qd3 0-0 17. Bf3 Bxf3 18. Qxf3 Rfd8 19. Rac1 b4 20. axb4 Qxb4 21. Na4 Nd5 22. Ra1 Rb8 23. Nc5 Bxc5 24. dxc5 Qxb3 25. Be5 Qxf3 26. gxf3 Rb5 27. Bd6 a5 28. Ra3 Nb4 29. Rb1 f6 30. Bc7 Ra8 31. c6 Rg5+ 32. Kf1 Nxc6 33. Rb6 Rc5 34. Bd6 Rc2 35. Rb7 Rd8 36. Bf4 h6 37. Rab3 Nd4 38. Ra3 Nc6 39. Rab3 Nd4 40. Ra3 e5 41. Be3 Nf5 42. Bb6 Rdd2 43. Rxa5 Nd4 44. Bxd4 exd4 45. Raa7 Rxf2+ 46. Kg1 Rg2+ 47. Kf1 d3 48. Rd7 Rcf2+ 49. Ke1 0-1

[Event "Pan American-ch"]
[Site "Washington DC"]
[Date "2006.12.28"]
[Round "3"]
[White "Simutowe, Amon"]
[Black "Wasiolek, Rory E"]
[Result "1-0"]
[WhiteElo "2465"]
[BlackElo "2099"]
[PlyCount "137"]
[EventDate "2006.12.27"]
[EventType "swiss"]
[EventRounds "6"]
[EventCountry "USA"]
[SourceTitle "CBM 116 Extra"]
[Source "ChessBase"]
[SourceDate "2007.03.07"]
[SourceVersion "1"]
[SourceVersionDate "2007.03.07"]
[SourceQuality "1"]

1. Nf3 Nf6 2. c4 c5 3. d4 e6 4. Nc3 d5 5. e3 Nc6 6. a3 cxd4 7. exd4 Be7 8. h3 0-0 9. Be3 a6 10. c5 Qc7 11. Bd3 e5 12. dxe5 Nxe5 13. Nxe5 Qxe5 14. 0-0 Rd8 15. Bd4 Qg5 16. f4 Qh5 17. Re1 Qxd1 18. Raxd1 Ne4 19. Bxe4 dxe4 20. Rxe4 Be6 21. f5 Bb3 22. Rde1 Bf8 23. Bf2 Bc2 24. Rf4 Rac8 25. Rc1 Bd3 26. b4 g6 27. fxg6 Bh6 28. gxh7+ Kh8 29. Bg3 Bxf4 30. Bxf4 Kxh7 31. Kf2 Bf5 32. Bd6 Kg6 33. Rd1 Be6 34. Ne2 Bc4 35. Nf4+ Kf5 36. g4+ Kf6 37. Rd4 Bb3 38. Rd3 Bc4 39. Rf3 Kg7 40. Nh5+ Kg6 41. Rf6+ Kh7 42. g5 Re8 43. Rh6+ Kg8 44. Nf6+ Kg7 45. Nxe8+ Rxe8 46. Rf6 Re2+ 47. Kf3 Ra2 48. Be5 Rxa3+ 49. Ke4 Kf8 50. Rd6 f5+ 51. Kxf5 Rf3+ 52. Bf4 Rxh3 53. g6 Rd3 54. Rf6+ Kg8 55. Ke4 Rd8 56. Bh6 Bb3 57. Ke5 Ba2 58. Rb6 Re8+ 59. Kd4 Rd8+ 60. Rd6 Rb8 61. Rd7 Be6 62. Rg7+ Kh8 63. Rh7+ Kg8 64. Bg7 Rc8 65. Bf6 Kf8 66. Rxb7 Rc6 67. Rb8+ Bc8 68. g7+ Kf7 69. Be5 1-0